000 01478nam a2200373 c 4500
003 BLK
005 20240808144833.0
008 180408b bul|||||r ||||||| ||bul||
010 _aKNG00080447000
020 _a978-954-516-654-9
_bиздат.: Летера
040 _aBLK
041 _aBUL
_cBUL
072 7 _2bullib
_aН83
_xЧужда художествена литература Н
080 _aРуска литература
_b821.161.1
_x-312.4
_z821.161.1-312.4
100 1 _aДоронин, Влад
_eпърви автор
_9297724
700 1 _aХристова, Недялка
_eпрев. от рус.
_9272461
139 _aДоронин, Влад
_bД 80
245 1 0 _aКодът на Наполеон
_bТайната на една библейска светиня
_cВлад Доронин; прев. от рус. Недялка Христова.
257 _aRUS
260 Пловдив
_bЛетера
_c2010
_fПловдив : Жанет 45
300 _a319 с.
_c22 см
380 _aX
490 1 _aРоман-загадка
500 _aОриг. загл. Код Наполеона / Влад Доронин.
653 _aромани
653 _aтрилъри
659 _aН
852 _aЦб 253449
856 4 _qpdf
_u
856 4 _qpdf
_u
942 _cKNG
_n0
_012
944 _aCR
_c03.11.2011
_lГалина Якимова
_k30564
944 _aED
_c19.12.2014
_lф /
_kЛюдмила_Стоянова
999 _c76021
_d76021